000 00667nam a2200253Ia 4500
003 OSt
005 20220918184647.0
006 a|||||r|||| 00| 0
007 ta
008 220917b |||||||| |||| 00| 0 eng d
024 _a47,469
037 _cTextual
040 _aARTS
_cARTS
_beng
041 _2eng
_aeng
082 _aP, L03 (PD)
100 _aRayfield J R
_966266
245 0 _aLanguages of a bilingual community
260 _aHague
_bMouton
_c1970
300 _a121p.
_ccm.
500 _aAppendix 108-113p (A-C); Bib 114-16p
650 _aLINGUISTICS
942 _hP, L03 (PD)
_cTEXL
_2CC
999 _c177317
_d177317